000 00916nam0a22002651 4500
001 rc\3908484
005 20130415105201.7
021 _aRU
_b[56-64751]
035 _a(NLR Aleph) 008017890
090 _a8741968
_c8741968
100 _a20130415d1956 |||y0rusy50 ca
101 0 _arus
102 _aRU
105 _aa z |||||
200 1 _aФрезерный станок ФС-1
_fМ-во лесной пром-сти СССР. Центр. бюро техн. информации
210 _aМосква
_aЛенинград
_cГослесбумиздат
_d1956
215 _a7 с.
_cил.
_d22
300 _aНа обл. авт. не указан
606 _aФрезерные станки по дереву
_2psbo
700 1 _aАрыкин
_bИ. Г.
_f1904-
_gИван Григорьевич
801 0 _aRU
_bNLR
_gpsbo
801 1 _aRU
_bELAR
_2rusmarc
852 _aNLR
_j57-5/90
942 _cBOOK
980 _aNB